| 000 | 004900000a22001810004500 | ||
|---|---|---|---|
| 999 |
_c48581 _d48581 |
||
| 001 | 1420 | ||
| 003 | CO-MdFUSB | ||
| 005 | 20180517142200.0 | ||
| 008 | 180517b xxu||||| |||| 00| 0 eng d | ||
| 020 | _a978-958-30-0054-6 | ||
| 040 | _cCO-MdBIC | ||
| 082 | 0 | 4 | _a320 P19cp |
| 245 | 1 | 0 | _aConstitución política de Colombia / prólogo Carlos Lemos Simmonds |
| 260 | _aBogotá D. C. : Panamericana Editorial | ||
| 300 | _a448 P. | ||
| 650 | 1 | 4 | _aCOLOMBIA - CONSTITUCION, 1991 |
| 942 | _cLGB | ||